Statistics for Capitals of Non-Soveriegn Nations

Click here to take the quiz!

General Stats

  • This quiz has been taken 221 times
    (172 since last reset)
  • The average score is 12 of 24

Answer Stats

NationCapital% Correct
EnglandLondon
100%
ScotlandEdinburgh
95%
Northern IrelandBelfast
92%
WalesCardiff
87%
PalestineEast Jerusalem
80%
Puerto RicoSan Juan
80%
GreenlandNuuk
78%
GibraltarGibraltar
74%
French GuianaCayenne
58%
Northern CyprusNicosia
49%
ArubaOranjestad
43%
BermudaHamilton
39%
Faroe IslandsTórshavn
38%
SvalbardLongyearbyen
36%
Cayman IslandsGeorgetown
34%
GuadeloupeBasse-Terre
29%
MartiniqueFort-de-France
29%
British Virgin IslandsRoad Town
27%
AnguillaThe Valley
26%
Christmas IslandFlying Fish Cove
25%
Sint MaartinPhilipsburg
25%
Saint MartinMarigot
23%
SabaThe Bottom
16%
US Virgin IslandsCharlotte Amalie
4%

Score Distribution

Percentile by Number Answered

Percent of People with Each Score

Your Score History

You have not taken this quiz since the last reset